000 00453nam a2200205Ia 4500
008 210210b1967 xxu||||| |||| 00| 0 eng d
041 _aeng
082 _a560/25
100 _aCOOMBS (C I)
245 _aT V window on the world
260 _aNew York
_bDell publishing Co., Inc.,
_c1967
650 _aworld
650 _awindow
650 _aV
650 _athe
650 _aT
650 _aon
690 _aPure Sciences
906 _a010190
999 _c137958
_d137958